| 000 | 00753nam a2200229 i 4500 | ||
|---|---|---|---|
| 001 | 95670 | ||
| 003 | ES-MaACL | ||
| 005 | 20250704062545.0 | ||
| 007 | t| | ||
| 008 | 050602s1966 sp ||||1| spa d | ||
| 100 | 1 |
_aLlorca, Carmen, _d1921-1998 _9181902 |
|
| 245 | 1 | 0 |
_aEmilio Castelar: _bprecursor de la democracia cristiana / _cCarmen Llorca. |
| 260 |
_aMadrid : _bBiblioteca Nueva, _c1966. |
||
| 300 |
_a382 p., 6 lám. ; _c24 cm. |
||
| 505 | 2 | _aCastelar y sus lecciones en el Ateneo, p. 45-49 | |
| 600 | 1 | 4 |
_aCastelar, Emilio, _d1832-1899 _936479 |
| 610 | 2 | 4 |
_aAteneo de Madrid- _vConferencias- _yS.XIX. _91910 |
| 610 | 2 | 4 |
_aAteneo de Madrid- _vHistoria _91925 |
| 852 |
_aES-MaACL _jE-5281 |
||
| 852 |
_aES-MaACL _jC-30203 |
||
| 999 |
_c95670 _d95670 |
||